Statistics for Hurtigskrivning 1 til 100

Click here to take the quiz!

General Stats

  • This quiz has been taken 730 times
  • The average score is 70 of 100

Answer Stats

#% Correct
1
100%
2
100%
3
100%
4
99%
5
99%
8
99%
6
98%
7
98%
9
98%
10
96%
12
96%
13
95%
11
94%
14
94%
21
94%
22
94%
23
94%
15
93%
19
93%
17
92%
24
92%
26
92%
30
92%
16
91%
18
91%
25
91%
27
91%
20
90%
28
90%
31
90%
32
90%
33
90%
34
90%
37
90%
38
90%
29
89%
35
89%
36
89%
39
89%
40
86%
41
86%
42
86%
44
86%
43
85%
45
85%
46
85%
47
84%
48
83%
49
81%
50
79%
52
78%
55
78%
51
77%
54
76%
53
74%
56
74%
57
71%
58
68%
59
68%
66
67%
60
66%
61
63%
62
62%
65
61%
67
61%
63
60%
64
60%
77
56%
68
54%
70
54%
69
53%
72
52%
71
50%
73
49%
75
49%
76
49%
74
47%
78
45%
80
44%
79
40%
88
40%
81
39%
82
39%
83
37%
84
37%
85
36%
87
36%
99
36%
86
34%
90
34%
91
33%
89
32%
100
31%
92
31%
93
29%
94
29%
95
28%
96
27%
97
27%
98
27%

Score Distribution

Percentile by Number Answered

Percent of People with Each Score

Your Score History

You have not taken this quiz